vufinder Bibliothèque Municipale de Charleval de Provence
Se connecter

Chiendent (Le)

Book Cover
Auteur principal: Raymond Queneau
Support: Livres
Langue:
Publié: 1989 Gallimard Paris
Genre: Roman
Collection: Folio
Sujets:
Étiquettes: Ajouter
Pas de Tags !

LEADER 00512nam0a2200157 450
001 16787698
010 |a 2070365883 
100 |a 20031210d1989 u u0frey01 ba 
200 0 |a Chiendent (Le)  |f Queneau Raymond 
207 1 |a   
210 |a Paris  |b 5 rue Sébastien Bottin.  |c Gallimard  |d 1989 
225 1 |a Folio 
700 0 |a Queneau  |b Raymond  |4 70 
900 |a Roman 
901 |a Réserve 
995 |a Bibliothèque  |c Bibliothèque  |f 024002682  |h 024002682  |k R QUE  |o p  |q a  |r az  |u Réserve. Vérifier la pastille sur la cote  |e Bibliothèque 

Options de recherche

Historique de recherche
Recherche avancée

Trouver plus

Nouveautés

Besoin d'aide ?

Contacter un bibliothécaire